00234nam a22000977a 4500003000400000082001600004100002300020245006700043260001900110300000700129SGT a617.3bC76C aCrelin, Edmund S.  aClinical SymposiabDevelopment of the Upper Respiratory System bC.I.B.A.c1976 a30